| 000 | 01418nam a22002897a 4500 | ||
|---|---|---|---|
| 001 | 7872 | ||
| 003 | FISKH | ||
| 005 | 20250812161518.0 | ||
| 008 | 250812b cb ||||| |||| 00| 0 eng d | ||
| 040 |
_aDLC _beng _cDLC _erda _dDLC |
||
| 050 | _aPN1992.57 O74 | ||
| 082 | _a384.55 | ||
| 100 | 1 |
_aOtfinoski, Steven _d(1940-) |
|
| 245 | 1 | 0 |
_aTelevision : _bfrom concept to consumer / _cBy Steven Otfinoski. |
| 250 | _aThis edition first published in 2015 | ||
| 260 |
_aNew York : _bChildren, _c2015 |
||
| 300 |
_a64 pages : _bcolored illustrations ; _c23 cm. |
||
| 490 | 0 | _aCalling all innovators: a career for you? | |
| 505 | _aZ | ||
| 520 | _aWhether you like to watch live broadcasts of your local sports teams, discuss the results of the latest reality shows with your friends, or stream shows on your laptop, you probably have a wide range of TV shows that you like to watch. Readers will find out how these shows are created and broadcast into millions of homes around the world. They will also learn about the history of television, explore a variety of different careers within the television industry, and take a look at some of the most groundbreaking shows ever made. | ||
| 521 | 8 |
_a1090
_bLexile |
|
| 521 | 8 |
_aZ
_bRaz-Plus |
|
| 650 | 0 |
_aTelevision broadcasting _vJuvenile literature. |
|
| 650 | 0 |
_aTelevision _xVocational guidance _vJuvenile literature. |
|
| 942 |
_2ddc _cBK _n0 |
||
| 999 |
_c7872 _d7872 |
||